000 01048nam0a22002891 4500
001 v19\rc\1399156
005 20260407063958.0
035 _a(NLR Aleph) 005206393
090 _a5362764
_c5362764
100 _a20060512e18711870|||y0rusy50 ca
101 0 _arus
102 _aRU
105 _ay z |||a|
200 1 _aТайна Эдвина-Друда
_eРоман Чарльза Диккенса
210 _aСанкт-Петербург
_cтип. и лит. А. Каспари
_d1871
215 _a[4], 328 с.
_d25
311 _aОтт. из журн. "Заря". 1870, кн. 4, отд. 3
488 0 _12001#$aЗаря$v1870, кн. 4, отд. 3
_tЗаря
700 1 _8rus
_7ca
_aДиккенс
_bЧ.
_f1812-1870
_gЧарлз
_3RU\NLR\AUTH\7713978
_9123656
790 1 _aДиккенс
_bЧ.
_f1812-1870
_gЧарльз
801 0 _aRU
_bNLR
_c20060512
_gpsbo
801 0 _aRU
_bRuMoRGB
_c20060512
_2psbo
801 1 _aRU
_bProSoft-M
_c20060512
_2rusmarc
801 2 _aRU
_bNLR
_c20070426
_2rusmarc
852 _aNLR
_j36.82.7.123
942 _cBOOK
980 _aNB